| 000 | 00665nam a22001697a 4500 | ||
|---|---|---|---|
| 003 | UA-OsUOA | ||
| 001 | 10253 | ||
| 007 | ta | ||
| 008 | 20041229b un ||||| |||| 00| 0 ukr d | ||
| 942 | _cSA | ||
| 040 |
_aUA-OsUOA _cUA-OsUOA _dUA-OsUOA |
||
| 245 | _aПро практику застосування судами законодавства , яким перебачені права потерпілих від злочинів :Постанова Пленуму Верховного Суду України від 2 липня 2004 р. № 13 | ||
| 300 | _aС.116-120 | ||
| 955 | _a0 | ||
| 773 | 0 |
_w0 _tПраво України _dКиїв _d2004 _gN12 |
|
| 650 | 7 | _2UDC | |
| 999 |
_c296414 _d296414 |
||